THE CHRONICLES OF NARNIA (Record no. 3447)
[ view plain ]
| 000 -LEADER | |
|---|---|
| fixed length control field | 00640nam a22001457a 4500 |
| 020 ## - INTERNATIONAL STANDARD BOOK NUMBER | |
| ISBN | 978-0-00-723383-0 |
| 082 ## - DEWEY DECIMAL CLASSIFICATION NUMBER | |
| Classification number | 823 |
| Item number | LEW/S |
| 100 ## - MAIN ENTRY--AUTHOR NAME | |
| Personal name | LEWIS, C.S |
| 245 ## - TITLE STATEMENT | |
| Title | THE CHRONICLES OF NARNIA |
| Remainder of title | THE SILVER CHAIR |
| 260 ## - PUBLICATION, DISTRIBUTION, ETC. (IMPRINT) | |
| Place of publication | LONDON |
| Name of publisher | HARPER COLLINS |
| Year of publication | 2001 |
| 300 ## - PHYSICAL DESCRIPTION | |
| Number of Pages | 265 |
| 520 ## - SUMMARY, ETC. | |
| Summary, etc | The Silver Chair tells the story of Eustace Scrubb's second trip to Narnia, accompanied by his friend Jill Pole, who had never been there before. The two of them were running from bullies at their school when they entered a door to hide, and found themselves in Aslan's country, next to a great cliff. |
| 650 ## - SUBJECT ADDED ENTRY--TOPICAL TERM | |
| Topical Term | NOVEL |
| Geographic subdivision | UNITED KINGDOM |
| 942 ## - ADDED ENTRY ELEMENTS (KOHA) | |
| Koha item type | Books |
| Withdrawn status | Lost status | Collection code | Home library | Current library | Shelving location | Date acquired | Source of acquisition | Cost, normal purchase price | Full call number | Accession Number | Koha item type |
|---|---|---|---|---|---|---|---|---|---|---|---|
| Fiction | Main Library | Main Library | SHELF-14G- ALPHABETICAL J,K,L --ENGLISH NOVELS & FICTIONS | 17/10/2011 | purchase | 125.00 | 823 LEW/S | 05631 | Books | ||
| Fiction | Main Library | Main Library | SHELF-14G- ALPHABETICAL J,K,L --ENGLISH NOVELS & FICTIONS | 03/10/2019 | purchase | 60.00 | 823 LEW/S | 11560 | Books |